000
00324nam a22001337a 4500
008
181002b xxu||||| |||| 00| 0 eng d
020
_a
9781557982735
041
_a
eng
080
_a
311
100
_a
55
101
_a
sta
245
_a
Reading And Understanding Multivariate Statistics
_c
Grimm.L.G
942
_2
udc
_c
BK
999
_c
48765
_d
48765